[Event "2017 WA Closed Chess Championship"]
[Site "North Woodvale Primary School"]
[Date "2017.05.21"]
[Round "1"]
[White "Andrew Hardegen"]
[Black "Derwent Maggs"]
[WhiteElo "2078"]
[BlackElo "2097"]
[Result "0-1"]

1. d4 Nf6 2. c4 c5 3. d5 b5 4. cxb5 a6 5. bxa6 g6 6. Nc3 Bg7 7. e4 O-O 8. Nf3
Qa5 9. Nd2 Bxa6 10. Nb3 Qb6 11. a4 Bxf1 12. Rxf1 Na6 13. e5 Ne8 14. a5 Qb7 15. f4
d6 16. exd6 exd6 17. Ra4 Nec7 18. Nd2 Rfe8 19. Re4 Nxd5 20. Qf3 Nxc3 21. bxc3
f5 22. Rxe8 Rxe8 23. Kf2 Qxf3 24. Kxf3 Bxc3 25. Nc4 d5 26. Bb2 Bb4 27. Ne5 d4
28. h4 Rb8 29. Nc4 Kf7 30. h5 Ke6 31. hxg6 hxg6 32. Rh1 Kd5 33. Nb6 Kc6 34. Rh6
Rg8 35. Nc4 Kb5 36. Ne5 Bxa5 37. Nxg6 d3 38. Ne5 d2 39. Rd6 Nc7 40. g4 Ne6 41. Rd3
fxg4 42. Nxg4 c4 43. Rd5 Kc6 44. Ne3 Nc5 45. Ke2 Re8 46. Bd4 Rxe3 47. Bxe3 Kxd5
48. Bxd2 Bxd2 49. Kxd2 Na4 50. Ke3 c3 0-1

[Event "2017 WA Closed Chess Championship"]
[Site "North Woodvale Primary School"]
[Date "2017.05.21"]
[Round "1"]
[White "Ned Tomic"]
[Black "Ihsan Ferozkohi"]
[WhiteElo "1871"]
[BlackElo "2232"]
[Result "0-1"]

1. Nf3 Nf6 2. b3 d5 3. Bb2 Bf5 4. g3 e6 5. d3 h6 6. Bg2 Bd6 7. Nbd2 O-O 8. O-O
Nbd7 9. Nd4 Bg6 10. e4 c5 11. Ne2 Rc8 12. c4 Qe7 13. Nc3 a6 14. Bh3 Be5 15. Qc2
dxe4 16. Ncxe4 Nxe4 17. dxe4 Rfd8 18. Rae1 Bxb2 19. Qxb2 Ne5 20. Re3 Rd4 21. f3
Rcd8 22. Nb1 Rd3 23. Rxd3 Rxd3 24. Qe2 Qd6 25. Bg2 Qd4 26. Qf2 Re3 27. Kh1 Nxf3
28. Qc2 Ne1 29. Qd2 Bxe4 30. Rxe1 Qxd2 31. Nxd2 Rxe1 0-1

[Event "2017 WA Closed Chess Championship"]
[Site "North Woodvale Primary School"]
[Date "2017.05.21"]
[Round "1"]
[White "Igor Butsenko"]
[Black "Yita Choong"]
[WhiteElo "2369"]
[BlackElo "2327"]
[Result "1/2-1/2"]

1. d4 d5 2. c4 c6 3. Nf3 Nf6 4. Nc3 dxc4 5. a4 Bf5 6. e3 e6 7. Bxc4 Bb4 8. O-O
O-O 9. h3 h6 10. Qe2 Bh7 11. Bd2 Nbd7 12. Ne4 Qe7 13. Bxb4 Qxb4 14. Nxf6 Nxf6
15. Bd3 Bxd3 1/2-1/2

[Event "2017 WA Closed Chess Championship"]
[Site "North Woodvale Primary School"]
[Date "2017.06.13"]
[Round "1"]
[White "Rob Maris"]
[Black "Tim Hare"]
[WhiteElo "1957"]
[BlackElo "2043"]
[Result "1-0"]

1. c4 f5 2. Nc3 Nf6 3. Nf3 g6 4. g3 Bg7 5. Bg2 d6 6. d4 O-O 7. O-O c6 8. b3
Qe8 9. Ba3 h6 10. h4 Qf7 11. e3 Nbd7 12. Qe2 Rb8 13. Bb2 e5 14. dxe5 dxe5 15. e4
Re8 16. Ba3 c5 17. Nb5 Re6 18. Nd2 a6 19. Nc7 Rd6 20. Rad1 b5 21. f4 Nh5 22. Kh2
exf4 23. gxf4 Qe7 24. Qe1 b4 25. Bc1 Ndf6 26. Nd5 Ng4 27. Kh1 Rxd5 28. cxd5
fxe4 29. Nxe4 Bf5 30. d6 Qa7 31. Be3 Re8 32. d7 Bxd7 33. Bxc5 Qc7 34. Qxb4 Rxe4
35. Bxe4 Ng3 36. Kg2 Nxe4 37. Rxd7 Qxd7 38. Qxe4 Qd2 39. Bf2 Qxa2 40. Qe6 Kh7
41. Qxg4 Qxb3 42. Qd7 Qb2 43. Re1 1-0

[Event "2017 WA Closed Chess Championship"]
[Site "North Woodvale Primary School"]
[Date "2017.05.28"]
[Round "2"]
[White "Tim Hare"]
[Black "Andrew Hardegen"]
[WhiteElo "2043"]
[BlackElo "2078"]
[Result "1-0"]

1. g3 d5 2. Bg2 Nf6 3. c4 c6 4. cxd5 cxd5 5. d4 Nc6 6. Nc3 Bg4 7. h3 Bf5 8. Nf3
e6 9. a3 Be7 10. O-O O-O 11. Bf4 Rc8 12. Rc1 Ne4 13. Nxe4 Bxe4 14. b4 g5 15. Be3
b5 16. Qd2 f6 17. Ne1 Bg6 18. Nd3 Bxd3 19. Qxd3 Qb6 20. Rc3 a5 21. bxa5 Nxa5
22. Rxc8 Rxc8 23. f4 Nc4 24. Bf2 Bxa3 25. fxg5 fxg5 26. e4 dxe4 27. Bxe4 Rc7
28. Kh2 Qd6 29. d5 e5 30. Bf5 Re7 31. Rb1 e4 32. Bxe4 Bc5 33. Rf1 Bxf2 34. Rxf2
Ne5 35. Qxb5 g4 36. h4 Nd7 37. Bf5 Re3 38. Be6 Kh8 39. Qb2 Ne5 40. Qd4 Rd3 41. Qf4
Rf3 42. Rxf3 Nxf3 43. Kh1 1-0

[Event "2017 WA Closed Chess Championship"]
[Site "North Woodvale Primary School"]
[Date "2017.05.28"]
[Round "2"]
[White "Yita Choong"]
[Black "Rob Maris"]
[WhiteElo "2327"]
[BlackElo "1957"]
[Result "1-0"]

1. d4 d5 2. c4 c6 3. Nf3 Nf6 4. e3 g6 5. Nc3 Bg7 6. Be2 Nbd7 7. cxd5 cxd5 8. Qb3
Nb8 9. Ne5 a6 10. f4 O-O 11. g4 Nc6 12. Bf3 Nxe5 13. fxe5 Nxg4 14. Qxd5 Rb8
15. h3 Nh6 16. e4 e6 17. Qxd8 Rxd8 18. Be3 Kf8 19. h4 Ng8 20. h5 b5 21. Ne2
Bb7 22. Bg5 Rdc8 23. Rc1 Rxc1 24. Nxc1 f6 25. hxg6 hxg6 26. exf6 Nxf6 27. Rf1
Ke8 28. Bxf6 Bxf6 29. e5 Bh4 30. Ke2 Bxf3 31. Kxf3 Rc8 32. Rh1 Bg5 33. Rh8 Kd7
34. Rxc8 Kxc8 35. Nd3 Be7 36. Nf4 Kd7 37. Nxg6 Bd8 38. Ke4 Ke8 39. d5 Kf7 40. Nf4 1-0

[Event "2017 WA Closed Chess Championship"]
[Site "North Woodvale Primary School"]
[Date "2017.05.28"]
[Round "2"]
[White "Ihsan Ferozkohi"]
[Black "Igor Butsenko"]
[WhiteElo "2232"]
[BlackElo "2369"]
[Result "1/2-1/2"]

1. d4 d5 2. c4 dxc4 3. Nc3 Nf6 4. e4 e5 5. Bg5 Qxd4 6. Qxd4 exd4 7. Bxf6 dxc3
8. Bxc3 b5 9. b3 b4 10. Be5 c3 11. Bxc7 Bc5 12. Bb5 Ke7 13. Ne2 a6 14. Bc4 Be6
15. Bxe6 fxe6 16. Nf4 Nc6 17. Nd3 Bd6 18. Bxd6 Kxd6 19. O-O-O Ke7 20. Nc5 Rhd8
21. f4 Nd4 22. Nd3 a5 23. Ne5 Ke8 24. Rd3 a4 25. bxa4 Rxa4 26. Kb1 Nb5 27. Rxd8
Kxd8 28. Rd1 Ke8 29. Nc6 b3 30. axb3 Rxe4 31. Rd8 Kf7 32. Ne5 Ke7 33. Rc8 Re1
34. Ka2 Re2 35. Ka1 Re1 36. Ka2 Re2 37. Ka1 Rxg2 38. Rc5 Rg1 39. Ka2 Rg2 40. Ka1
Rg1 41. Ka2 Rg2 42. Ka1 1/2-1/2

[Event "2017 WA Closed Chess Championship"]
[Site "North Woodvale Primary School"]
[Date "2017.05.28"]
[Round "2"]
[White "Derwent Maggs"]
[Black "Ned Tomic"]
[WhiteElo "2097"]
[BlackElo "1871"]
[Result "1-0"]

1. e4 d6 2. d4 g6 3. Nc3 Bg7 4. f4 c5 5. Nf3 Bd7 6. Be3 Qa5 7. Be2 a6 8. O-O
b5 9. dxc5 b4 10. Nd5 dxc5 11. Bc1 e6 12. Ne3 Nc6 13. Nc4 Qd8 14. Be3 Bf8 15. Nd6
Bxd6 16. Qxd6 Nf6 17. Nd2 Qe7 18. Bxc5 Qxd6 19. Bxd6 Nd4 20. Bd3 Nc6 21. a3
bxa3 22. Rxa3 a5 23. Nc4 O-O-O 24. Nxa5 Nb8 25. Rc3 Bc6 26. Bxb8 1-0

[Event "2017 WA Closed Chess Championship"]
[Site "North Woodvale Primary School"]
[Date "2017.06.04"]
[Round "3"]
[White "Ned Tomic"]
[Black "Tim Hare"]
[WhiteElo "1871"]
[BlackElo "2043"]
[Result "1/2-1/2"]

1. Nf3 d6 2. b3 e5 3. Bb2 Nf6 4. g3 Be7 5. Bg2 c6 6. c4 Nbd7 7. Qc2 a5 8. Nc3
O-O 9. e3 d5 10. d3 Re8 11. O-O Ra6 12. Rac1 Bf8 13. Rfd1 Qe7 14. Nd2 d4 15. exd4
exd4 16. Nce4 c5 17. Re1 Re6 18. Bh3 Nxe4 19. Nxe4 Ne5 20. Qd1 Rh6 21. Bxc8
Rxc8 22. f4 Nd7 23. Ng5 Qd6 24. Qg4 Qc6 25. Qf3 Qxf3 26. Nxf3 Bd6 27. Rc2 a4
28. Bc1 axb3 29. axb3 Ra8 30. Rce2 Bf8 31. Kg2 Rha6 32. Re8 Ra2 33. Kh3 f6 34. b4
Rxe8 35. Rxe8 cxb4 36. Nxd4 Kf7 37. Re2 Rxe2 38. Nxe2 Nc5 39. d4 Na4 40. c5
b3 41. Kg4 b2 42. Bxb2 Nxb2 43. Kf5 Nc4 44. Ke4 g6 45. Kd3 Na5 46. Kc3 Ke6 47. Kb4
Nc6 48. Kc4 Ne7 49. d5 Kd7 50. g4 f5 51. g5 Bg7 52. Nc1 Nc8 53. Nd3 Kc7 54. Nc1
b6 55. Nd3 bxc5 56. Kxc5 Bf8 57. Kd4 Kd6 58. Nb4 Bg7 59. Kd3 Nb6 60. Ke2 Nxd5
61. Nd3 Nc3 62. Kf3 Kd5 63. Nb4 Kc5 64. Nd3 Kd4 65. Nb4 Ne4 66. Nc2 Kd3 67. Nb4
Kc4 68. Nc2 Bd4 69. Ne1 Bc3 70. Ng2 Kd3 71. h4 Nd2 72. Kf2 Bd4 73. Kg3 Ke2 74. h5
Bf2 75. Kh3 Kf3 76. hxg6 hxg6 77. Kh2 Bg3 78. Kh3 Bxf4 79. Nh4 Ke4 80. Nxg6
Bxg5 81. Kg2 Nf3 82. Nf8 Nh4 83. Kf2 Be3 84. Kg3 f4 85. Kxh4 Kd3 86. Nd7 Bd4
87. Kh3 Ke2 1/2-1/2

[Event "2017 WA Closed Chess Championship"]
[Site "North Woodvale Primary School"]
[Date "2017.06.04"]
[Round "3"]
[White "Rob Maris"]
[Black "Andrew Hardegen"]
[WhiteElo "1957"]
[BlackElo "2078"]
[Result "0-1"]

1. d4 d5 2. Nf3 Nf6 3. c4 c6 4. Nc3 a6 5. a4 e6 6. Qc2 Nbd7 7. e4 Nxe4 8. Nxe4
dxe4 9. Qxe4 Bb4 10. Bd2 Qa5 11. Qc2 O-O 12. Bd3 e5 13. Bxh7 Kh8 14. O-O-O Nf6
15. Bxb4 Qxb4 16. Ng5 exd4 17. h4 g6 18. Bxg6 fxg6 19. h5 Qc5 20. hxg6 Kg7 21. f4
Bf5 22. Qb3 b5 23. Nh7 Nxh7 24. Rxh7 Kf6 25. g4 Bxg4 26. Rg1 Bf5 27. Rh6 Rh8
28. Rxh8 Rxh8 29. g7 Rg8 30. Qg3 Qxc4 31. Kd2 Qc2 32. Ke1 Re8 0-1

[Event "2017 WA Closed Chess Championship"]
[Site "North Woodvale Primary School"]
[Date "2017.06.04"]
[Round "3"]
[White "Igor Butsenko"]
[Black "Derwent Maggs"]
[WhiteElo "2369"]
[BlackElo "2097"]
[Result "1-0"]

1. d4 e6 2. c4 f5 3. Nf3 Nf6 4. g3 d6 5. Bg2 Be7 6. O-O O-O 7. b3 c6 8. Bb2
Qc7 9. Nbd2 Ne4 10. Nxe4 fxe4 11. Ne1 d5 12. f3 exf3 13. Nxf3 Bf6 14. Qc2 Na6
15. e4 Bd7 16. Ba3 Rfe8 17. e5 Be7 18. Bd6 Bxd6 19. exd6 Qxd6 20. Ng5 g6 21. Nxh7
Re7 22. Qxg6 Rg7 23. Nf6 1-0

[Event "2017 WA Closed Chess Championship"]
[Site "North Woodvale Primary School"]
[Date "2017.06.13"]
[Round "3"]
[White "Yita Choong"]
[Black "Ihsan Ferozkohi"]
[WhiteElo "2327"]
[BlackElo "2232"]
[Result "1-0"]

1. d4 d5 2. c4 c6 3. Nf3 Nf6 4. e3 Bg4 5. Qb3 Qc7 6. Nc3 e6 7. Nh4 Be7 8. h3
Bh5 9. g4 Bg6 10. Nxg6 hxg6 11. Bg2 Nbd7 12. Bd2 dxc4 13. Qxc4 Nb6 14. Qb3 Nfd5
15. Rc1 Nxc3 16. bxc3 Nd7 17. c4 b6 18. O-O Rd8 19. Bc3 O-O 20. f4 g5 21. Qb2
gxf4 22. exf4 c5 23. d5 Bf6 24. g5 Bxc3 25. Rxc3 Rfe8 26. h4 Nf8 27. h5 exd5
28. cxd5 Rd6 29. Rh3 Qe7 30. h6 Rg6 31. hxg7 Rxg7 32. Rd1 Qd6 33. Qf2 Rh7 34. Rdd3
Rxh3 35. Rxh3 Ng6 36. Rh6 Qe7 37. f5 Nf8 38. Qf4 Qe3 39. Qxe3 Rxe3 40. Rc6 Nh7
41. g6 fxg6 42. fxg6 Nf8 43. d6 Rd3 44. Be4 Rd4 45. Bf5 Rd5 46. d7 Kg7 47. Rc7
Nxd7 48. Bxd7 Kxg6 49. a4 Kf6 50. Rxa7 c4 51. Rc7 c3 52. Bb5 Rd1 53. Kf2 Rc1
54. Ke3 Ke5 55. Kd3 Kd5 56. Rxc3 Rg1 57. Kc2 Kd4 58. Rc6 Rg3 59. Rxb6 Kc5 60. Rc6
Kb4 61. Rc4 Ka5 62. Rc3 Rg2 63. Kb3 Rg4 64. Bd7 Rb4 65. Ka3 Rd4 66. Rc5 Kb6
67. Rb5 Ka6 68. Bc8 Ka7 69. a5 Rc4 70. Bb7 Rd4 71. Bf3 Rf4 72. Be2 Re4 73. Bd3
Rd4 74. Rb3 Ka8 75. a6 Ka7 76. Kb2 Rd6 77. Kc3 Ka8 78. Rb5 Ka7 79. Rb7 Ka8 80. Rh7
Rc6 81. Kd4 Kb8 82. Bb5 Rb6 83. Kc5 Rf6 84. Bc6 1-0

[Event "2017 WA Closed Chess Championship"]
[Site "North Woodvale Primary School"]
[Date "2017.06.11"]
[Round "4"]
[White "Tim Hare"]
[Black "Igor Butsenko "]
[WhiteElo "2043"]
[BlackElo "2369"]
[Result "1/2-1/2"]

1. c4 c6 2. b3 d5 3. e3 Nf6 4. Nf3 Bg4 5. Be2 Nbd7 6. d4 e6 7. O-O Bd6 8. Nbd2
O-O 9. Bb2 Qe7 10. Ne5 Bxe2 11. Qxe2 Bb4 12. Rfc1 Rfd8 13. Rc2 Ne4 14. Nxe4
dxe4 15. Nxd7 Rxd7 16. f3 exf3 17. Qxf3 Rad8 18. Rf2 Qg5 19. Qf4 Qxf4 20. Rxf4 1/2-1/2

[Event "2017 WA Closed Chess Championship"]
[Site "North Woodvale Primary School"]
[Date "2017.06.11"]
[Round "4"]
[White "Andrew Hardegen"]
[Black "Ned Tomic"]
[WhiteElo "2078"]
[BlackElo "1871"]
[Result "1-0"]

1. d4 d6 2. e4 g6 3. Nc3 Bg7 4. Bg5 Nc6 5. Nge2 h6 6. Be3 e6 7. Qd2 Bd7 8. f4
Nce7 9. g4 Nf6 10. h3 c6 11. e5 dxe5 12. dxe5 Nfd5 13. Ne4 Nc8 14. Bc5 b6 15. Bf2
O-O 16. c4 f5 17. gxf5 gxf5 18. N4g3 Nc7 19. O-O-O Rf7 20. Bg2 Qe7 21. Qxd7
Qxd7 22. Rxd7 Rxd7 23. Bxc6 Rd8 24. Nh5 Kf7 25. Bh4 Rg8 26. Bxa8 Nxa8 27. Rd1
Kg6 28. Nhg3 Nc7 29. Rd7 Na6 30. Kd2 Bf8 31. Bf6 Bb4 32. Ke3 Nc5 33. Rd1 Na6
34. a3 Bc5 35. Kf3 Be7 36. Bxe7 Nxe7 37. Rd6 Kf7 38. Nd4 Nc7 39. Rd7 Na6 40. Nc6
Re8 41. Nd8 Kg6 42. Nxe6 Nc5 43. Nxc5 bxc5 44. h4 h5 45. Rd6 Kf7 46. Rf6 Kg8
47. Nxf5 Nxf5 48. Rxf5 Rb8 49. e6 Re8 50. Rg5 Kh7 51. Rxh5 Kg6 52. Kg4 a5 53. f5
Kg7 54. Kg5 a4 55. f6 1-0

[Event "2017 WA Closed Chess Championship"]
[Site "North Woodvale Primary School"]
[Date "2017.06.11"]
[Round "4"]
[White "Derwent Maggs"]
[Black "Yita Choong"]
[WhiteElo "2097"]
[BlackElo "2327"]
[Result "1-0"]

1. d4 d5 2. c4 c6 3. Nc3 dxc4 4. e4 b5 5. a4 b4 6. Nce2 Nf6 7. e5 Nd5 8. Ng3
Ba6 9. e6 fxe6 10. Nf3 Nd7 11. Ne4 Qa5 12. Nfg5 N5f6 13. Be2 e5 14. O-O exd4
15. Qxd4 Qd5 16. Qe3 Nxe4 17. Nxe4 e5 18. Rd1 Qe6 19. Ng5 Qf5 20. Bf3 Bc5 21. Be4
Qf6 22. Qg3 g6 23. Nf3 Bf8 24. Bg5 Qe6 25. Bh6 Be7 26. Bg7 Rg8 27. Bxe5 Nxe5
28. Nxe5 Bb7 29. Rd7 Rb8 30. Rxb7 Rxb7 31. Bxc6 Kf8 32. Bxb7 Kg7 33. Re1 Bf6
34. Nf3 Qb6 35. Bd5 Rc8 36. Qg4 Qc5 37. Be6 Rc6 38. Rc1 Bxb2 39. Rxc4 Qd6 40. Ng5
Bc3 41. h4 Be5 42. g3 h6 43. Qf3 Rc7 44. Rxc7 Qxc7 45. Qf7 Qxf7 46. Nxf7 Bc7
47. Bb3 a5 48. f4 h5 49. Kg2 Kf6 50. Kf3 Kf5 51. Bc2 Kf6 52. Nh8 1-0

[Event "2017 WA Closed Chess Championship"]
[Site "North Woodvale Primary School"]
[Date "2017.06.11"]
[Round "4"]
[White "Ihsan Ferozhohi"]
[Black "Robert Maris"]
[WhiteElo "2232"]
[BlackElo "1957"]
[Result "1-0"]

1. d4 Nf6 2. c4 e6 3. Nc3 Bb4 4. Nf3 b6 5. Bg5 Bb7 6. e3 h6 7. Bh4 O-O 8. Bd3
d5 9. Ne5 dxc4 10. Bxc4 g5 11. Bg3 Bxg2 12. Rg1 Bd5 13. Bd3 Ne4 14. Bxe4 Bxe4
15. Qh5 Qf6 16. Bf4 Bg6 17. Qxh6 Rc8 18. Nxg6 Bf8 19. Ne7 1-0

[Event "2017 WA Closed Chess Championship"]
[Site "North Woodvale Primary School"]
[Date "2017.06.08"]
[Round "5"]
[White "Ihsan Ferozkohi"]
[Black "Derwent Maggs"]
[WhiteElo "2232"]
[BlackElo "2097"]
[Result "0-1"]

1. d4 e6 2. c4 f5 3. Nc3 Nf6 4. Nf3 d6 5. Bg5 Be7 6. Bxf6 Bxf6 7. e4 O-O 8. exf5
exf5 9. Be2 Qe8 10. Nd5 Bd8 11. O-O c6 12. Nf4 Qe4 13. Nh3 h6 14. Re1 Qe8 15. c5
d5 16. Ne5 Ba5 17. Bh5 Qd8 18. Re2 f4 19. Ng6 Bxh3 20. Nxf8 Qg5 21. f3 Qxh5
22. gxh3 Kxf8 23. Qd3 Nd7 24. b4 Bd8 25. Rae1 Bf6 26. Kg2 Kf7 27. b5 Qg6 28. Qxg6
Kxg6 29. Rb1 Nf8 30. bxc6 bxc6 31. Rb7 Kf5 32. Rc7 Ne6 33. Rd7 Nxd4 34. Re1
Rb8 35. Rf1 a5 36. Rf2 Rb5 37. Rd2 Rxc5 38. Rf7 Kg6 39. Rxf6 Kxf6 40. Rxd4 Rc2
41. Kg1 Rxa2 42. Rxf4 Ke6 43. Rg4 g5 44. h4 Kf5 45. hxg5 hxg5 46. h4 gxh4 47. Rxh4
a4 48. Rb4 Ke5 49. Rb6 c5 50. Rb5 c4 51. Kf1 Kd4 52. f4 c3 53. Rb1 Ke4 54. Rd1
c2 55. Rc1 Kd3 56. Re1 Rb2 0-1

[Event "2017 WA Closed Chess Championship"]
[Site "North Woodvale Primary School"]
[Date "2017.06.25"]
[Round "5"]
[White "Yita Choong"]
[Black "Tim Hare"]
[WhiteElo "2327"]
[BlackElo "2043"]
[Result "1/2-1/2"]

1. d4 c5 2. e4 g6 3. dxc5 Bg7 4. c3 Nc6 5. Be3 Nf6 6. Nd2 O-O 7. h3 d5 8. cxd6
exd6 9. c4 Re8 10. Bd3 Qa5 11. Kf1 Ne5 12. Be2 Be6 13. a3 Qc7 14. Rc1 a5 15. Ngf3
Nfd7 16. Nd4 Nc5 17. Qc2 Qe7 18. Kg1 Rac8 19. Kh2 Bd7 20. b4 axb4 21. axb4 Na6
22. Qb3 Nc7 23. f4 Nc6 24. Nc2 Ne6 25. Nf3 Ra8 26. Rcd1 h6 27. b5 Na5 28. Qb4
Nc5 29. e5 Ne4 30. Bb6 dxe5 31. Bxa5 Qf6 32. Rxd7 Qxf4 33. Kg1 Ng3 34. Qd2 Rxa5
35. Qxa5 Nxe2 36. Kf2 Qg3 37. Kf1 Nf4 38. Qd2 e4 39. Qf2 Nh5 40. Nfe1 f5 41. h4
Qc3 42. Rh3 Qxc4 43. Kg1 Qxb5 44. Rd1 f4 45. Ra3 e3 46. Qf3 e2 47. Qd5 Qxd5
48. Rxd5 Ng3 49. Rad3 Bf6 50. Rd6 Bxh4 51. Rxg6 Kh7 52. Rb6 Ne4 53. Rxb7 Kg8
54. Rf3 Bg3 55. Rb5 h5 56. Rb2 Nd2 57. Rd3 Ne4 58. Rb1 Bf2 59. Kh1 h4 60. Nd4
Bxe1 61. Rxe1 Nf2 62. Kh2 Nxd3 63. Rxe2 Rxe2 1/2-1/2

[Event "2017 WA Closed Chess Championship"]
[Site "North Woodvale Primary School"]
[Date "2017.06.25"]
[Round "5"]
[White "Rob Maris"]
[Black "Ned Tomic"]
[WhiteElo "1957"]
[BlackElo "1871"]
[Result "0-1"]

1. c4 g6 2. g3 Bg7 3. Bg2 Na6 4. Nc3 e5 5. Rb1 c6 6. b4 Ne7 7. Ba3 O-O 8. b5
Nc7 9. Qa4 d6 10. bxc6 bxc6 11. Bxc6 Nxc6 12. Qxc6 Bd7 13. Qxd6 Re8 14. Qd3
Qc8 15. e4 Bc6 16. Nge2 Qa6 17. Nb5 Ne6 18. Rb3 Nd4 19. Nc7 Qa5 20. Nxe8 Rxe8
21. Rb2 f5 22. Qc3 Qc7 23. f3 fxe4 24. fxe4 Bxe4 25. Rf1 Qc6 26. Rf2 Bg2 27. c5
Bd5 28. Kd1 Bxa2 29. Nxd4 exd4 30. Qf3 Qa4 31. Rc2 Bb3 32. d3 Qxa3 33. Qf7 Bxf7 0-1

[Event "2017 WA Closed Chess Championship"]
[Site "North Woodvale Primary School"]
[Date "2017.06.08"]
[Round "6"]
[White "Hardegen, Andrew"]
[Black "Choong, Yita"]
[WhiteElo "2078"]
[BlackElo "2327"]
[Result "1/2-1/2"]

1.d4 d5 2.c4 c6 3.Nf3 Nf6 4.Nc3 dxc4 5.a4 Bf5 6.Nh4 Bg4 7.h3 Bh5 8.g4 Bg6 9.Nxg6 
hxg6 10.e4 e5 11.Bxc4 exd4 12.e5 Nxg4 13.Qxg4 dxc3 14.Bg5 Be7 15.Rd1 Qc7 16.Bxe7 
Kxe7 17.Qg5+ Ke8 18.Bxf7+ Kxf7 19.e6+ Kg8 20.Rd8+ Qxd8 21.Qxd8+ Kh7 22.Qh4+ Kg8 
23.Qc4 Na6 24.e7+ Kh7 25.Qh4+ Kg8 26.Qe4 Kf7 27.Rg1 Rh6 28.Rg3 g5 29.Qf5+ Rf6 
30.Qxg5 g6 31.Rxc3 Re8 32.Qh6 Rxe7+ 33.Re3 Rfe6 34.Rxe6 Rxe6+ 35.Kf1 Nc5 36.a5 a6 
37.b4 Nd7 38.h4 Nf6 39.Qg5 Re4 40.Qc5 Nd5 41.b5 axb5 42.a6 bxa6 43.Qxc6 Nf6 44.Qxa6 
b4 45.Qb7+ Kg8 46.Qc6 Kg7 47.Qb7+ Kg8 48.Qc6 Kg7 49.Qb7+ 1/2-1/2

[Event "2017 WA Closed Chess Championship"]
[Site "North Woodvale Primary School"]
[Date "2017.06.23"]
[Round "6"]
[White "Tim Hare"]
[Black "Ihsan Ferozkohi"]
[WhiteElo "2043"]
[BlackElo "2232"]
[Result "1/2-1/2"]

1. g3 g6 2. Bg2 Bg7 3. c4 f5 4. Nc3 Nf6 5. d3 e5 6. Rb1 a5 7. a3 O-O 8. b4 axb4
9. axb4 c6 10. Nf3 e4 11. dxe4 fxe4 12. Nd4 d5 13. cxd5 cxd5 14. O-O Nc6 15. Bg5
h6 16. Be3 Ne5 17. Ndb5 Nc4 18. Bd4 Be6 19. h3 Qd7 20. Kh2 Na3 21. Nxa3 Rxa3
22. e3 Rc8 23. Rb3 Rca8 24. Rxa3 Rxa3 25. Qc1 Ra8 26. Qb2 Nh5 27. Rd1 Rc8 28. Ne2
Rf8 29. Rf1 g5 30. b5 Rc8 31. Bxg7 Nxg7 32. Rd1 Qf7 33. Kg1 Nf5 34. Rc1 Rxc1
35. Qxc1 Qd7 36. Qc5 h5 37. b6 Qd6 38. Qa5 Kf7 39. Nc3 Ne7 40. Bf1 Nc8 41. Nb5
Qc5 42. Qa1 Nxb6 43. Qe5 Qe7 44. Nd6 Kg6 45. Bb5 Qf6 46. Be8 Kg7 47. Qxf6 Kxf6
48. Nxb7 Bxh3 49. Bxh5 Ke5 50. Be2 Na4 51. Na5 Nc3 52. Ba6 Bd7 53. Nb3 Kd6 54. Nd4
Kc5 55. Bf1 Nd1 56. Be2 Nc3 57. Bf1 Nd1 58. Be2 Nb2 59. Kg2 Nd3 60. Bd1 Kb4
61. Bh5 Ne5 62. Be2 Kc3 63. Ba6 Nd3 64. Bb7 Nb4 65. Kf1 Kc4 66. Ke2 Kc5 67. Kd2
Nd3 68. Ke2 Kd6 69. Ba6 Bg4 70. Kf1 Nc5 1/2-1/2

[Event "2017 WA Closed Chess Championship"]
[Site "North Woodvale Primary School"]
[Date "2017.07.02"]
[Round "6"]
[White "Derwent Maggs"]
[Black "Rob Maris"]
[WhiteElo "2203"]
[BlackElo "2001"]
[Result "1-0"]

1. d4 d5 2. c4 c6 3. Nc3 Nf6 4. Nf3 dxc4 5. e4 b5 6. e5 Nd5 7. a4 b4 8. Nb1
Ba6 9. e6 f6 10. Qc2 Qd6 11. Qe4 Nc7 12. Nbd2 Qxe6 13. Qxe6 Nxe6 14. Nxc4 Nc7
15. Bd3 Nd5 16. O-O e6 17. Re1 Bxc4 18. Bxc4 Kd7 19. a5 Bd6 20. Bd2 Re8 21. Re2
Nc7 22. Rc1 Nba6 23. Bb3 Rab8 24. Be3 Nb5 25. Rec2 Rbc8 26. Ba4 Nb8 27. Nd2
a6 28. Nc4 Ke7 29. Nxd6 Kxd6 30. Rc4 Nd7 31. Rxb4 e5 32. g3 exd4 33. Bf4 Ne5
34. Bxb5 cxb5 35. Rxd4 Ke6 36. Re1 Rc4 37. Rxc4 bxc4 38. Bd2 Kd5 39. Kg2 Rb8
40. Bc3 Rb7 41. Re2 Nd3 42. f4 f5 43. Kf3 g6 44. Kg2 Rd7 45. Re8 Kc6 46. Re6
Rd6 47. Re8 Rd7 48. Kf3 Rd6 49. Ke2 Kd5 50. Ke3 Nc1 51. Be5 Rc6 52. Rd8 Ke6
53. Bc3 Nb3 54. Rb8 Kd5 55. Rb7 Re6 56. Kf3 h5 57. h3 Nc5 58. Rb8 Nb3 59. g4
fxg4 60. hxg4 hxg4 61. Kxg4 Ke4 62. Rb6 Nc5 63. Bb4 Rxb6 64. axb6 Nb7 65. Kg5
a5 66. Bc3 a4 67. Bb4 Nd8 68. Bd6 Kd5 69. Be7 Nc6 70. Bf6 Ke4 71. b7 Kf3 72. Be5
a3 73. bxa3 Ke4 74. b8=Q Nxb8 75. Bxb8 c3 76. Be5 1-0

[Event "2017 WA Closed Chess Championship"]
[Site "North Woodvale Primary School"]
[Date "2017.07.09"]
[Round "7"]
[White "Yita Choong"]
[Black "Ned Tomic"]
[WhiteElo "2327"]
[BlackElo "1871"]
[Result "1-0"]

1. e4 d6 2. d4 g6 3. c4 Bg7 4. Nc3 Nc6 5. Be3 Nf6 6. f3 O-O 7. Qd2 e5 8. d5
Ne7 9. g4 h5 10. h3 Kh7 11. Nge2 Rh8 12. c5 b6 13. cxd6 cxd6 14. Rc1 Ba6 15. Ng3
Bxf1 16. Kxf1 Kg8 17. Kg2 Rc8 18. Nb5 hxg4 19. fxg4 Qd7 20. Qe2 Kh7 21. g5 Rxc1
22. Bxc1 Ne8 23. h4 a6 24. Na3 b5 25. Nc2 f5 26. gxf6 Bxf6 27. Nb4 a5 28. Nc2
Ng7 29. Ne3 b4 30. Nc4 Ra8 31. Nb6 Qd8 32. Nxa8 Qxa8 33. h5 gxh5 34. Nxh5 Nxh5
35. Qg4 Bg7 36. Qxh5 1-0

[Event "2017 WA Closed Chess Championship"]
[Site "North Woodvale Primary School"]
[Date "2017.07.09"]
[Round "7"]
[White "Derwent Maggs"]
[Black "Tim Hare"]
[WhiteElo "2097"]
[BlackElo "2043"]
[Result "0-1"]

1. e4 d6 2. d4 Nf6 3. Nc3 Nbd7 4. Nf3 e5 5. Bc4 Be7 6. h3 c6 7. O-O Qc7 8. Bb3
h6 9. a4 Nf8 10. Qd3 g5 11. Qc4 Rh7 12. Nd5 Nxd5 13. exd5 g4 14. hxg4 Bxg4 15. Nxe5
dxe5 16. dxe5 Qc8 17. e6 f5 18. Bf4 cxd5 19. Qd3 Ng6 20. Bd2 Qc7 21. f3 Bh3
22. Qb5 Kf8 23. f4 Rg7 24. Rf2 a6 25. Qd3 Bg4 26. Kh1 Bc5 27. Rff1 Qe7 28. g3
h5 29. Bxd5 h4 30. Kg2 Rd8 31. c4 hxg3 32. Rh1 Bf2 33. Kf1 Rh7 34. Rxh7 Qxh7
35. Bb4 Ne7 36. Qa3 Bh3 37. Ke2 Bg4 38. Kd2 g2 39. Bc5 Bxc5 40. Qxc5 Qh2 41. Kc3
Qxf4 42. Rg1 Bf3 43. Kb3 Bxd5 44. cxd5 Rxd5 45. Qc4 Qd4 46. Qc1 Qd2 47. Qc7
Qe3 48. Ka2 Qxg1 49. Qb8 Kg7 50. Qe8 Qb1 51. Kxb1 g1=Q 52. Ka2 Qg5 53. Qf7 Kh6
54. Qe8 Qf6 55. Qf7 Qxf7 56. exf7 Kg7 0-1